Математическое моделирование процессов тепломассопереноса при вулканизации движущихся кабельных изделий; Теплофизические основы энергетических технологий

Bibliographische Detailangaben
Parent link:Теплофизические основы энергетических технологий.— 2012.— [С. 40-43]
1. Verfasser: Иванова Е. В. Евгения Владимировна
Weitere Verfasser: Стрижак П. А. Павел Александрович
Zusammenfassung:Заглавие с экрана
Sprache:Russisch
Veröffentlicht: 2012
Schlagworte:
Online-Zugang:http://www.lib.tpu.ru/fulltext/c/2012/C02/007.pdf
Format: Elektronisch Buchkapitel
KOHA link:https://koha.lib.tpu.ru/cgi-bin/koha/opac-detail.pl?biblionumber=230463

MARC

LEADER 00000nla2a2200000 4500
001 230463
005 20240222064826.0
035 |a (RuTPU)RU\TPU\book\251329 
035 |a RU\TPU\book\251319 
090 |a 230463 
100 |a 20130122d2012 k y0rusy50 ca 
101 0 |a rus 
102 |a RU 
105 |a y z 100zy 
135 |a drnn ---uucaa 
181 0 |a i  
182 0 |a b 
200 1 |a Математическое моделирование процессов тепломассопереноса при вулканизации движущихся кабельных изделий  |f Е. В. Иванова, П. А. Стрижак 
203 |a Текст  |c электронный 
215 |a 1 файл (319 Кб) 
300 |a Заглавие с экрана 
320 |a [Библиогр.: с. 43 (10 назв.)] 
337 |a Adobe Reader 
463 1 |0 (RuTPU)RU\TPU\book\250691  |t Теплофизические основы энергетических технологий  |o сборник научных трудов III Всероссийской научно-практической конференции с международным участием, 4-6 октября 2011 г., Томск  |f Национальный исследовательский Томский политехнический университет (ТПУ) ; ред. коллегия: Г. В. Кузнецов [и др.]  |v [С. 40-43]  |d 2012 
610 1 |a электронный ресурс 
610 1 |a труды учёных ТПУ 
610 1 |a математическое моделирование 
610 1 |a тепломассоперенос 
610 1 |a вулканизация 
610 1 |a кабельные изделия 
700 1 |a Иванова  |b Е. В.  |c специалист в области автоматизации технологических процессов и производств  |c доцент Томского политехнического университета, кандидат физико-математических наук  |f 1984-  |g Евгения Владимировна  |3 (RuTPU)RU\TPU\pers\26453  |9 12156 
701 1 |a Стрижак  |b П. А.  |c специалист в области теплоэнергетики  |c профессор Томского политехнического университета, доктор физико-математических наук  |f 1985-  |g Павел Александрович  |x TPU  |y Томск  |3 (RuTPU)RU\TPU\pers\25983  |9 11832 
801 1 |a RU  |b 63413507  |c 20101016 
801 2 |a RU  |b 63413507  |c 20150321  |g RCR 
856 4 |u http://www.lib.tpu.ru/fulltext/c/2012/C02/007.pdf 
942 |c CF